[Event "World Cities"]
[Site "Jakarta "]
[Date "1997.??.??"]
[Round "10"]
[White "Dolmatov, Sergey"]
[Black "Gunawan, Johan"]
[Result "1-0"]
[WhiteElo "2565"]
[BlackElo "2235"]
[PlyCount "122"]
[EventDate "1997.07.08"]
[EventType "swiss"]
[EventRounds "10"]
[EventCountry "INA"]
[SourceTitle "CBM 058 Extra"]
[Source "ChessBase"]
[SourceDate "1997.07.29"]
[SourceVersion "1"]
[SourceVersionDate "1997.07.29"]
[SourceQuality "1"]

1. e4 d6 2. d4 g6 3. c3 Bg7 4. Nf3 Nf6 5. Bd3 0-0 6. 0-0 Nbd7 7. Re1 e5 8. Nbd2 Re8 9. h3 h6 10. Nf1 Nf8 11. Ng3 N6h7 12. Be3 Ne6 13. Bc4 Qf6 14. Qd2 Nf4 15. Bxf4 Qxf4 16. Qxf4 exf4 17. Nf1 Nf8 18. N1d2 Nd7 19. Bb3 Nb6 20. Re2 a5 21. a4 Be6 22. Bxe6 Rxe6 23. Kf1 Rae8 24. Ree1 g5 25. Ke2 f5 26. Kd3 fxe4+ 27. Rxe4 d5 28. Rxe6 Rxe6 29. b3 Nc8 30. Re1 Rxe1 31. Nxe1 Kf7 32. g4 Nd6 33. b4 b6 34. Nc2 Bf8 35. bxa5 bxa5 36. c4 Ke6 37. Na1 Nb7 38. Nab3 Bb4 39. cxd5+ Kxd5 40. Ne4 c5 41. dxc5 Bxc5 42. f3 Be7 43. Nc3+ Ke5 44. Nd4 Bf8 45. Ndb5 Bb4 46. Ne4 Nd8 47. Nd4 Kd5 48. Nf6+ Ke5 49. Ne4 Nf7 50. Kc4 Be1 51. Nc2 Bg3 52. Nd4 Be1 53. Nc6+ Ke6 54. Kc5 Ne5 55. Nxe5 Kxe5 56. Kc4 Ke6 57. Nc5+ Kd6 58. Nb3 Kc6 59. Nd4+ Kd6 60. Nf5+ Ke6 61. Nxh6 Bb4 1-0

[Event "World Cities"]
[Site "Jakarta "]
[Date "1997.??.??"]
[Round "1"]
[White "Kek, Wei Chuan"]
[Black "Gunawan, Johan"]
[Result "0-1"]
[WhiteElo "2080"]
[BlackElo "2235"]
[PlyCount "74"]
[EventDate "1997.07.08"]
[EventType "swiss"]
[EventRounds "10"]
[EventCountry "INA"]
[SourceTitle "CBM 058 Extra"]
[Source "ChessBase"]
[SourceDate "1997.07.29"]
[SourceVersion "1"]
[SourceVersionDate "1997.07.29"]
[SourceQuality "1"]

1. Nf3 Nc6 2. d4 d5 3. b3 Bg4 4. Bb2 Nf6 5. Nbd2 e6 6. e3 Bd6 7. Be2 0-0 8. c4 Re8 9. c5 Bf8 10. Bb5 Nd7 11. Bxc6 bxc6 12. Qc2 Bf5 13. Qc3 a5 14. 0-0 f6 15. Nh4 Bg4 16. h3 Bh5 17. f4 g5 18. Nhf3 Bg7 19. fxg5 fxg5 20. g4 Bg6 21. Ne5 Nxe5 22. dxe5 a4 23. b4 a3 24. Bxa3 d4 25. exd4 Rxa3 26. Nb3 Qd5 27. Qb2 Rea8 28. Qd2 h6 29. Rfe1 Rf8 30. Re3 Rf4 31. Rd1 Ra8 32. Qb2 Raf8 33. Qe2 Rf3 34. Rxf3 Rxf3 35. Kh2 Rc3 36. Rd2 Rc4 37. Qe3 Rxd4 0-1

[Event "Asia-ch"]
[Site "Dubai"]
[Date "1996.??.??"]
[Round "?"]
[White "Gunawan, Johan"]
[Black "Temirbayev, Serikbay"]
[Result "1-0"]
[WhiteElo "2320"]
[BlackElo "2495"]
[PlyCount "99"]
[EventDate "1996.??.??"]
[EventType "swiss"]
[EventRounds "9"]
[EventCountry "UAE"]
[SourceTitle "EXT 1999"]
[Source "ChessBase"]
[SourceDate "1998.11.16"]
[SourceVersion "1"]
[SourceVersionDate "1998.11.16"]
[SourceQuality "1"]

1. d4 Nf6 2. Nf3 g6 3. c4 Bg7 4. Nc3 0-0 5. e4 d6 6. Be2 e5 7. 0-0 Nc6 8. d5 Ne7 9. b4 h6 10. Re1 Ne8 11. c5 f5 12. Nd2 Nf6 13. a4 f4 14. Nc4 g5 15. cxd6 cxd6 16. f3 Ng6 17. b5 Rf7 18. Ba3 Bf8 19. Ra2 h5 20. Bf1 g4 21. a5 Rg7 22. Kh1 Nh8 23. a6 b6 24. Rc2 Nf7 25. Na2 h4 26. Nb4 Nh5 27. fxg4 Ng3+ 28. Kg1 Bxg4 29. Qd3 Nh5 30. Be2 Qg5 31. Nd2 h3 32. Bxg4 Qxg4 33. Nf3 Nf6 34. Ree2 Qh5 35. Rc7 Rg6 36. Nc2 hxg2 37. Nce1 Ng4 38. Rxg2 Ne3 39. Rxg6+ Qxg6+ 40. Kh1 Nh6 41. Nh4 Qh5 42. Nef3 Nhg4 43. Qe2 Nf6 44. Bc1 Qg4 45. Bxe3 fxe3 46. Qxe3 Nxe4 47. Rc2 Ng3+ 48. hxg3 Bg7 49. Qg5 Qh3+ 50. Kg1 1-0